[Event "Lasker vs Capablanca Board 9"]
[Site "http://www.queenalice.com/game.php?id=330443"]
[Date "2008.1.3"]
[Round "-"]
[White "black_dama"]
[Black "hartto"]
[Result "0-1"]
[WhiteElo "2078"]
[BlackElo "1841"]

1. e4 c5 2. Nf3 d6 3. d4 cxd4 4. Nxd4 Nf6 5. Nc3 e5 6. Nf3 Bg4 7. Bb5+ Nc6 8.
Bxc6+ bxc6 9. Qd3 Be7 10. h3 Bh5 11. O-O O-O 12. Nh4 Nxe4 13. Nxe4 Bxh4 14. Nxd6
Bg6 15. Qd1 Bf6 16. Be3 Qc7 17. Bc5 Rfd8 18. Qe2 Rxd6 19. Bxd6 Qxd6 20. Rad1 Qb4
21. c3 Qb5 22. Qxb5 cxb5 23. f3 h5 24. Rd5 a6 25. Kf2 e4 26. Re1 exf3 27. Kxf3
Kf8 28. a3 Rd8 29. Rxd8+ Bxd8 30. Re5 Be7 31. a4 f6 0-1

[Event "AUTO-OPEN-812"]
[Site "http://www.queenalice.com/game.php?id=335932"]
[Date "2008.1.13"]
[Round "2"]
[White "black_dama"]
[Black "cameleon"]
[Result "0-1"]
[WhiteElo "2092"]
[BlackElo "2135"]

1. e4 e6 2. d4 d5 3. e5 c5 4. c3 Nc6 5. Nf3 Qb6 6. Bd3 cxd4 7. cxd4 Bd7 8. O-O
Nxd4 9. Nxd4 Qxd4 10. Nc3 Qb6 11. a4 Ne7 12. b3 a6 13. Be3 d4 14. Bxd4 Qxd4 15.
Qc2 Qxe5 16. Rfe1 Qa5 17. b4 Qxb4 18. Reb1 Qa5 19. Rb3 Rc8 20. Qb2 Ng6 21. Ne2
Bd6 22. Qxg7 Be5 23. Qh6 Bxa1 24. Rb1 Qxa4 25. h3 f5 26. Qd2 b5 27. Qe1 Be5 28.
g3 Qa3 29. Rd1 Bf6 30. Qd2 Ne5 31. Qh6 Ke7 32. Nf4 Rc1 0-1

[Event "AUTO-OPEN-812"]
[Site "http://www.queenalice.com/game.php?id=335933"]
[Date "2008.1.13"]
[Round "2"]
[White "cameleon"]
[Black "black_dama"]
[Result "1-0"]
[WhiteElo "2111"]
[BlackElo "2106"]

1. d4 e6 2. c4 d5 3. Nf3 Nf6 4. Nc3 c5 5. cxd5 Nxd5 6. e4 cxd4 7. Qxd4 Nc6 8.
Bb5 Nxc3 9. Bxc6+ bxc6 10. Qxc3 c5 11. O-O Bb7 12. Bg5 Be7 13. Qxg7 Rf8 14. Rfd1
Qc7 15. Qxh7 Bxg5 16. Nxg5 Qe5 17. Qh5 Rb8 18. Rd2 Bc6 19. Rad1 Qh8 20. Nh7 Bxe4
21. Rd6 Bg6 22. Qg5 Bd3 23. R1xd3 Qd4 24. R3xd4 cxd4 25. Nf6+ Ke7 26. Rd7# 1-0

[Event "AUTO-OPEN-812"]
[Site "http://www.queenalice.com/game.php?id=335934"]
[Date "2008.1.13"]
[Round "2"]
[White "black_dama"]
[Black "serrameira"]
[Result "0-1"]
[WhiteElo "1983"]
[BlackElo "1876"]

1. e4 c5 2. Nc3 e6 3. d3 e5 4. Qh5 Nc6 5. Nf3 Nf6 6. Qg5 h6 7. Qd2 d6 8. g3 Bg4
9. Bg2 Qd7 10. O-O Bh3 11. Nh4 Bxg2 12. Nxg2 Be7 13. f4 Qh3 14. Ne3 Ng4 15. Ncd5
O-O 16. Nxg4 Qxg4 17. fxe5 Bg5 18. Ne3 Bxe3+ 19. Qxe3 Nxe5 20. Bd2 Qh3 21. Qf2
f6 22. Qg2 Qe6 23. a4 b6 24. b4 Rac8 25. a5 b5 26. Rf5 g6 27. Rf4 c4 28. d4 c3
29. Bc1 Nc4 30. Rh4 h5 31. g4 hxg4 32. Rxg4 g5 33. Bxg5 fxg5 34. Rxg5+ Kf7 35.
d5 Qh6 36. Rf1+ Ke7 37. Rg7+ Ke8 38. Rg8 Kd7 39. Rg7+ Ke8 40. Rxf8+ Kxf8 41.
Rg8+ Ke7 42. Rxc8 Qc1+ 43. Qf1 Qe3+ 44. Qf2 Qc1+ 0-1

[Event "AUTO-OPEN-812"]
[Site "http://www.queenalice.com/game.php?id=335935"]
[Date "2008.1.13"]
[Round "2"]
[White "serrameira"]
[Black "black_dama"]
[Result "1-0"]
[WhiteElo "1854"]
[BlackElo "2005"]

1. e4 e5 2. Nf3 Nc6 3. d4 exd4 4. Nxd4 Nf6 5. Nxc6 bxc6 6. Nc3 Bc5 7. Bg5 d6 8.
Bd3 Rb8 9. Rb1 Bxf2+ 10. Kxf2 Ng4+ 11. Qxg4 Bxg4 12. Bxd8 Kxd8 13. h3 Be6 14. b3
Kd7 15. g4 h5 16. Be2 hxg4 17. Bxg4 Rb4 18. Bxe6+ Kxe6 19. a3 Rbb8 20. Rbg1 g6
21. Ne2 Kd7 22. h4 Rbe8 23. Kf3 Re5 24. Ng3 Rc5 25. Rh2 Ra5 26. a4 Rc5 27. c4
Rb8 28. Rb1 a5 29. Kf4 Rxc4 30. Rhb2 Rcb4 31. h5 c5 32. hxg6 fxg6 33. Kg5 c4 34.
Ne2 cxb3 35. Nc1 Rxe4 36. Rxb3 Rxb3 37. Nxb3 Rxa4 38. Kxg6 Rb4 39. Nd2 Rxb1 40.
Nxb1 Ke6 41. Kg5 Ke5 42. Kg4 Ke4 43. Nc3+ Ke5 44. Kf3 c6 45. Ke3 d5 46. Na4 1-0

[Event "Revanche..."]
[Site "http://www.queenalice.com/game.php?id=339436"]
[Date "2008.1.20"]
[Round "-"]
[White "black_dama"]
[Black "marlon2006"]
[Result "1-0"]
[WhiteElo "2056"]
[BlackElo "1800"]

1. e4 e5 2. Nc3 Nc6 3. Nf3 Bc5 4. Bb5 Nd4 5. Nxd4 Bxd4 6. O-O Nf6 7. d3 h6 8.
Bd2 c6 9. Bc4 O-O 10. Qf3 d6 11. Qg3 Nh5 12. Qg6 Nf4 13. Bxf4 exf4 14. Bb3 Qe7
15. Rab1 Be6 16. Qh5 Bxb3 17. axb3 Qf6 18. Nd1 b5 19. c3 Bb6 20. d4 b4 21. Rc1
Kh7 22. Re1 Rfe8 23. Qe2 Qg5 24. Qc4 Rac8 25. Qxb4 f3 26. Ne3 Rxe4 27. g3 c5 28.
Qc4 Rce8 29. h4 d5 30. Qb5 Rxe3 31. Rxe3 Rxe3 32. hxg5 hxg5 33. fxe3 1-0

[Event "AUTO-OPEN-834"]
[Site "http://www.queenalice.com/game.php?id=344823"]
[Date "2008.1.29"]
[Round "3"]
[White "Artking"]
[Black "black_dama"]
[Result "0-1"]
[WhiteElo "1940"]
[BlackElo "2044"]

1. e4 e6 2. d4 d5 3. Nc3 c5 4. e5 Nc6 5. f4 cxd4 6. Nce2 Bc5 7. Nf3 Qb6 8. a3 d3
9. cxd3 Bf2+ 10. Kd2 Nge7 11. g4 Qe3+ 12. Kc2 Qxf3 13. Ng3 Qxd1+ 14. Kxd1 Nd4
15. Bh3 Bd7 16. Rf1 Ba4+ 17. Kd2 Nb3+ 18. Ke2 Bxg3 19. hxg3 Nxa1 0-1

[Event "AUTO-OPEN-834"]
[Site "http://www.queenalice.com/game.php?id=344824"]
[Date "2008.1.29"]
[Round "3"]
[White "black_dama"]
[Black "Artking"]
[Result "1-0"]
[WhiteElo "2062"]
[BlackElo "1846"]

1. d4 Nf6 2. c4 c5 3. e3 g6 4. Nc3 b6 5. Nf3 d6 6. Bd3 Bg7 7. O-O Bg4 8. h3 Bxf3
9. Qxf3 Nbd7 10. Bd2 e6 11. Ne4 Nxe4 12. Bxe4 Rc8 13. Bc3 O-O 14. Bd3 e5 15. d5
f5 16. e4 f4 17. Bc2 Nf6 18. Ba4 Rc7 19. Rad1 g5 20. Bc6 h5 21. Rfe1 Qc8 22. Qd3
g4 23. hxg4 hxg4 24. b4 f3 25. bxc5 bxc5 26. Ba5 Rcf7 27. g3 Nh5 28. Rf1 Bh6 29.
Qb3 Bf4 30. Be1 Qd8 31. Rb1 Bxg3 32. fxg3 f2+ 33. Rxf2 Rf3 34. Rxf3 gxf3 35. Qe3
Qf6 36. Bd7 Qg7 37. Rb7 Kh8 38. Be6 Qf6 39. Bf5 Ng7 40. Rxa7 Rb8 41. Qxf3 Qh6
42. Bg4 Ne8 43. Rf7 Ng7 44. Qf6 Qe3+ 45. Kf1 Rg8 46. Qh4+ 1-0

[Event "AUTO-OPEN-834"]
[Site "http://www.queenalice.com/game.php?id=344829"]
[Date "2008.1.29"]
[Round "3"]
[White "black_dama"]
[Black "guzanito"]
[Result "0-1"]
[WhiteElo "2053"]
[BlackElo "2111"]

1. e4 e5 2. Nf3 Nc6 3. d4 exd4 4. Bc4 Be7 5. Nxd4 d6 6. Nc3 Nf6 7. Nxc6 bxc6 8.
e5 dxe5 9. Qxd8+ Bxd8 10. Bg5 Bf5 11. O-O-O O-O 12. Rhe1 Ng4 13. Bxd8 Raxd8 14.
Rxd8 Rxd8 15. h3 Nxf2 16. Rxe5 g6 17. Re7 Rd7 18. Re8+ Kg7 19. g4 Rd4 20. Bb3
Nxg4 21. hxg4 Bxg4 22. Re7 Rd7 23. Re3 h5 24. Ba4 Rd6 25. Bb3 h4 26. Re1 h3 27.
Rf1 f5 28. Re1 Kf6 29. Bc4 g5 30. Bd3 Bf3 31. Be2 Bxe2 32. Nxe2 f4 33. Rh1 f3
34. Ng3 g4 35. Ne4+ Ke5 36. Nxd6 g3 37. Nc4+ Kf4 38. Rxh3 g2 39. Rh4+ Kg3 40.
Re4 g1=Q+ 41. Kd2 f2 42. Ne3 Kf3 43. Re5 Qe1+ 44. Kd3 Qe2+ 45. Kd4 Qd2+ 46. Kc4
Qxe3 47. Rxe3+ Kxe3 48. Kc5 f1=Q 49. Kxc6 Kd4 50. c3+ Ke5 51. Kxc7 Qf6 52. c4
Qb6+ 53. Kc8 Kd6 54. b3 Qc7# 0-1

[Event "AUTO-OPEN-834"]
[Site "http://www.queenalice.com/game.php?id=344830"]
[Date "2008.1.29"]
[Round "3"]
[White "guzanito"]
[Black "black_dama"]
[Result "1-0"]
[WhiteElo "2121"]
[BlackElo "2039"]

1. e4 d5 2. exd5 Nf6 3. Bb5+ Bd7 4. Bxd7+ Qxd7 5. c4 c6 6. dxc6 Nxc6 7. Nf3 e5
8. Nc3 e4 9. Ng5 Qd3 10. Qb3 Rb8 11. Ncxe4 Nxe4 12. Qxd3 Nxg5 13. O-O Ne6 14.
Qg3 Rd8 15. Re1 Bd6 16. Rxe6+ fxe6 17. Qxg7 Be5 18. Qxb7 Nd4 19. d3 O-O 20. Be3
Rf7 21. Qe4 Bg7 22. Bxd4 Bxd4 23. Qxe6 Bxf2+ 24. Kh1 Bd4 25. g3 Bxb2 26. Rf1 Rd7
27. Rxf7 Rxf7 28. Kg2 Bd4 29. Qg4+ Bg7 30. d4 Kf8 31. d5 Be5 32. c5 Bc7 33. d6
Ba5 34. c6 Bb6 35. c7 Bxc7 36. Qc8+ Bd8 37. Qxd8+ Kg7 38. d7 Rf8 39. Qxf8+ Kxf8
40. d8=Q+ Kf7 41. Qc7+ Kg6 42. Kf3 a6 43. Kf4 a5 44. Qd6+ Kg7 45. Kf5 Kf7 46.
Qd7+ Kg8 47. Kf6 h5 48. Qg7# 1-0

[Event "AUTO-OPEN-834"]
[Site "http://www.queenalice.com/game.php?id=344831"]
[Date "2008.1.29"]
[Round "3"]
[White "black_dama"]
[Black "Caisso"]
[Result "0-1"]
[WhiteElo "2045"]
[BlackElo "2198"]

1. d4 Nf6 2. Nf3 g6 3. g3 Bg7 4. Bg2 O-O 5. O-O d6 6. c4 Nbd7 7. Nc3 c5 8. b3
cxd4 9. Nxd4 Nc5 10. Bg5 Qa5 11. Bd2 Qb6 12. Bg5 Nce4 13. Bxf6 Nxc3 14. Qc2 Bxf6
15. e3 Bxd4 16. exd4 Qxd4 17. Rfc1 Nxa2 18. Rxa2 Rb8 19. Rd1 Qb6 20. Rd5 a6 21.
Qc3 Be6 22. Rd4 Rbc8 23. Ra4 Rc7 24. Bd5 Bxd5 25. Rxd5 e6 26. Rb4 Qc6 27. Rd4 a5
28. Ra4 b6 29. Qd2 Rd8 30. Qg5 Rdd7 31. Qf6 d5 0-1

[Event "AUTO-OPEN-834"]
[Site "http://www.queenalice.com/game.php?id=344832"]
[Date "2008.1.29"]
[Round "3"]
[White "Caisso"]
[Black "black_dama"]
[Result "1-0"]
[WhiteElo "2214"]
[BlackElo "2013"]

1. d4 e6 2. e4 d5 3. e5 c5 4. Nf3 Nc6 5. c3 Qb6 6. Be2 Bd7 7. O-O Nh6 8. a3 Na5
9. b4 cxb4 10. cxb4 Nc6 11. Nc3 Nf5 12. Be3 Be7 13. Qd2 O-O 14. Rfc1 f6 15. Na4
Qd8 16. Nc5 Bxc5 17. Rxc5 Nxe3 18. Qxe3 fxe5 19. Nxe5 Nxe5 20. Qxe5 Rf5 21. Qd6
Rf7 22. Rac1 Qh4 23. Bf3 Qxd4 24. Rc7 Qb2 25. a4 Bc6 26. Rd1 Rxc7 27. Qxc7 1-0

[Event "Challenge"]
[Site "http://www.queenalice.com/game.php?id=352697"]
[Date "2008.2.11"]
[Round "-"]
[White "black_dama"]
[Black "Tlaloc2k"]
[Result "1-0"]
[WhiteElo "2105"]
[BlackElo "1502"]

1. e4 c5 2. d4 Qc7 3. Nf3 d6 4. Nc3 Nd7 5. Nd5 Qd8 6. Bb5 e6 7. Nc3 a6 8. Be2 b5
9. O-O c4 10. b4 g6 11. a4 d5 12. exd5 Bxb4 13. Bd2 Bxc3 14. Bxc3 Bb7 15. dxe6
fxe6 16. a5 Ngf6 17. Ng5 Bd5 18. Re1 Ne4 19. Nxe4 Bxe4 20. Bg4 Bf5 21. d5 O-O
22. Rxe6 Bxe6 23. Bxe6+ Rf7 24. Bxf7+ Kxf7 25. Qf3+ Nf6 26. Re1 Qd6 27. Re6 1-0

[Event "Challenge"]
[Site "http://www.queenalice.com/game.php?id=356179"]
[Date "2008.2.17"]
[Round "-"]
[White "black_dama"]
[Black "roqqk"]
[Result "1-0"]
[WhiteElo "2043"]
[BlackElo "1641"]

1. e4 e5 2. Nf3 Nc6 3. d4 f6 4. Bc4 d6 5. O-O Bg4 6. c3 Bxf3 7. Qxf3 exd4 8. Qf5
g6 9. Qd5 Ne5 10. cxd4 Ne7 11. Qxb7 Nxc4 12. Qb5+ c6 13. Qxc4 d5 14. Qe2 f5 15.
exf5 gxf5 16. Qh5+ Kd7 17. Re1 Qb6 18. Qf7 Qxd4 19. Bg5 Re8 20. Bf6 Qb4 21. Nc3
Bh6 22. Qe6+ Kc7 23. Qe5+ Qd6 24. Bxh8 Bd2 25. Re2 Rxh8 26. Qxh8 Bf4 27. g3 Be5
28. Qxh7 Kb6 29. Na4+ Ka5 30. Qh4 Ng6 31. Nc5 Nxh4 32. Nb7+ Kb6 33. Nxd6 Nf3+
34. Kg2 Bxb2 35. Rb1 1-0

[Event "RIVAS"]
[Site "http://www.queenalice.com/game.php?id=363878"]
[Date "2008.3.1"]
[Round "2"]
[White "Sinergia"]
[Black "black_dama"]
[Result "1-0"]
[WhiteElo "1976"]
[BlackElo "1963"]

1. Nf3 Nf6 2. g3 g6 3. Bg2 Bg7 4. O-O O-O 5. Re1 c5 6. d3 d5 7. c3 Nc6 8. Bg5
Bg4 9. Bxf6 Bxf6 10. Nbd2 e5 11. e4 d4 12. Qb3 b6 13. h3 Be6 14. Qc2 Qd7 15. Kh2
Rad8 16. Bf1 Be7 17. a3 b5 18. c4 a6 19. b3 Bf6 20. cxb5 axb5 21. Qxc5 Na7 22.
Nxe5 Bxe5 23. Qxe5 Rc8 24. Rac1 f6 25. Qf4 g5 26. Qf3 Nc6 27. Qe2 Qd6 28. b4 Ra8
29. e5 Nxe5 30. Ne4 Qb6 31. Nxf6+ Rxf6 32. Qxe5 1-0

[Event "Challenge"]
[Site "http://www.queenalice.com/game.php?id=507713"]
[Date "2008.12.14"]
[Round "-"]
[White "black_dama"]
[Black "sofia"]
[Result "0-1"]
[WhiteElo "1894"]
[BlackElo "1460"]

1. e4 e5 2. Nf3 d6 3. d4 Nf6 4. Nc3 Be7 5. d5 O-O 6. Bd3 Bg4 7. O-O c5 8. a3 a5
9. h3 Bxf3 10. Qxf3 Na6 11. Be3 Nh5 12. Qxh5 h6 0-1

[Event "Challenge"]
[Site "http://www.queenalice.com/game.php?id=507714"]
[Date "2008.12.14"]
[Round "-"]
[White "black_dama"]
[Black "sofia"]
[Result "0-1"]
[WhiteElo "1864"]
[BlackElo "1490"]

1. e4 e5 2. Nf3 Nf6 3. Nc3 d6 4. d4 Be7 5. dxe5 dxe5 6. Nxe5 Qd6 7. Nc4 Qxd1+ 8.
Nxd1 Nxe4 9. Bf4 O-O 10. Bxc7 Na6 11. Be5 Bf5 12. Nce3 Be6 0-1

[Event "Challenge"]
[Site "http://www.queenalice.com/game.php?id=510369"]
[Date "2008.12.20"]
[Round "-"]
[White "black_dama"]
[Black "yo_soy_lo_mejor"]
[Result "0-1"]
[WhiteElo "1834"]
[BlackElo "1953"]

1. e4 e5 2. Nf3 Nc6 3. Bc4 Bc5 4. a3 Nf6 5. b4 Bb6 6. d3 d6 7. c3 Bg4 8. h3 Bd7
9. O-O O-O 10. Bg5 h6 11. Bd2 Be6 12. Bxe6 fxe6 13. Nh4 Nxe4 14. dxe4 Qxh4 15.
Qe2 Rf6 16. c4 Raf8 17. Kh2 Bxf2 18. Bc3 Bg3+ 19. Kh1 Rxf1+ 20. Qxf1 Rxf1# 0-1